|
|
|
|
| LEADER |
00000nam0a2200000 4500 |
| 001 |
35594 |
| 005 |
20260414133131.0 |
| 035 |
|
|
|a (RuTPU)RU\TPU\book\36031
|
| 035 |
|
|
|a BOOK00002683
|
| 090 |
|
|
|a 35594
|
| 100 |
|
|
|a 20011210d1976 m y0rusy50 ca
|
| 101 |
0 |
|
|a rus
|
| 102 |
|
|
|a RU
|
| 105 |
|
|
|a y j 000|y
|
| 200 |
1 |
|
|a Сборник программированных задач по курсу "Теория автоматического управления"
|h Ч. 1
|f под ред. А. М. Малышенко
|
| 210 |
|
|
|a Томск
|c Изд-во ТПИ
|d 1976
|
| 215 |
|
|
|a 113 с.
|
| 606 |
|
|
|a Автоматическое управление
|x Теория
|2 stltpush
|3 (RuTPU)RU\TPU\subj\950
|9 29755
|
| 610 |
1 |
|
|a автоматическое управление
|
| 610 |
1 |
|
|a теория
|
| 610 |
1 |
|
|a линейные системы
|
| 610 |
1 |
|
|a нелинейные системы
|
| 610 |
1 |
|
|a оптимальные системы
|
| 610 |
1 |
|
|a адаптивные системы
|
| 610 |
1 |
|
|a моделирование
|
| 610 |
1 |
|
|a труды учёных ТПУ
|
| 675 |
|
|
|a 62-50
|v 3
|
| 675 |
|
|
|a 681.51.01
|v 3
|
| 702 |
|
1 |
|a Малышенко
|b А. М.
|c специалист в области информатики и вычислительной техники
|c профессор Томского политехнического университета, доктор технических наук
|c член-корреспондент Академии электротехнических наук РФ
|c действительный член Международной академии наук высшей школы
|f 1937-
|g Александр Максимович
|3 (RuTPU)RU\TPU\pers\21983
|4 340
|9 9294
|
| 801 |
|
0 |
|a RU
|b 63413507
|c 20011210
|g PSBO
|
| 801 |
|
2 |
|a RU
|b 63413507
|c 20171018
|g PSBO
|
| 942 |
|
|
|c BK
|